Inaktivácia mikrocenózy zrna obilnín nízkoteplotnou plazmou diplomová práca

Uložené v:
Podrobná bibliografia
Hlavný autor: Konečná, Ľubica
Médium: Kniha
Jazyk:Slovak
Vydavateľské údaje: Bratislava STU FCHPT 2015
On-line prístup:View in OPAC
Tagy: Pridať tag
Žiadne tagy, Buďte prvý, kto otaguje tento záznam!

MARC

LEADER 00000nam a2200000 a 4500
005 20260127134232.0
008 151211 2015 000 0 slo d
035 |a vtls011427669 
039 9 |y 201512111220  |z mschk03 
040 |a STUSCHK1  |b slo  |c STUSCHK1  |e AACR2 
100 1 |a Konečná, Ľubica 
245 1 |a Inaktivácia mikrocenózy zrna obilnín nízkoteplotnou plazmou  |b diplomová práca  |c Ľubica Konečná 
260 |a Bratislava  |b STU FCHPT  |c 2015 
300 |a 90 s.  |b il.  |c 25 cm 
500 |a Študijný program: biotechnológia 
500 |a Študijný odbor: biotechnológie 
500 |a Školiace pracovisko: Odd. biochémie a mikrobiológie 
500 |a Evid. číslo: FCHPT-5421-44151 
910 |a SCHK95 
999 |c 7429  |d 7429